000 00387nam a22001097a 4500
008 220430b |||||||| |||| 00| 0 eng d
245 _aBhutan Journal of Management :
_ban open access peer- reviewed management journal
_cvolume 2 Number 1
260 _aThimphu :
_bRoyal Institute of Management,
_c2022.
300 _aii, 164 p.
_c21 cm.
650 _aBhutan Journal of Management
942 _2ddc
999 _c8959
_d8960